000 00598nam a22001457a 4500
020 _a978-0-00-780826-7
082 _a823
_bMAR/L
100 _aMARSHALL, MICHAEL
245 _aTHE LONELY DEAD
260 _aLONDON
_bHARPER COLLINS PUBLISHERS
300 _a485
520 _aA guilty man walks alone into the cold mountain forests of Washington State, aiming never to return. What he finds there starts a chain of events that will quickly spiral out of control. Meanwhile in Los Angeles a woman's body is discovered, sitting bolt upright in a motel bedroom.
650 _aNOVEL
_zLONDON
942 _cBK
999 _c2281
_d2281